000 00377nam a2200145Ia 4500
008 191201s2010 xx 000 0 und d
082 _a004.22
_bPAC
100 _aPATTERSON,David A
245 0 _aComputer Organization and Design
250 _a4th
260 _aN. delhi
_bMorgam Kaufmann Publshers, Elsevier
_c2010
300 _a689
650 _aM.Tech(CSE)
942 _2ddc
_cBK
999 _c5243
_d5243